<?xml version="1.0" encoding="UTF-8"?>
<record
    xmlns:xsi="http://www.w3.org/2001/XMLSchema-instance"
    xsi:schemaLocation="http://www.loc.gov/MARC21/slim http://www.loc.gov/standards/marcxml/schema/MARC21slim.xsd"
    xmlns="http://www.loc.gov/MARC21/slim">

  <leader>01731nkm a22003137a 4500</leader>
  <controlfield tag="001">85786</controlfield>
  <controlfield tag="005">20260225103353.0</controlfield>
  <controlfield tag="007">kj ao </controlfield>
  <controlfield tag="008">260225s16771713sp ||||| |||| 00| 0 lat d</controlfield>
  <datafield tag="040" ind1=" " ind2=" ">
    <subfield code="a">M-RABA</subfield>
    <subfield code="b">spa</subfield>
    <subfield code="c">M-RABA</subfield>
  </datafield>
  <datafield tag="245" ind1="0" ind2="1">
    <subfield code="a">[Retratos de reyes de Espa&#xF1;a, Francia y&#x2026;]</subfield>
    <subfield code="c">/ [conjunto de estampas grabadas por] Jacques Blondeau, Nicolas Dorigny, Pietro van Sickleers, Beno&#xEE;t Farjat</subfield>
  </datafield>
  <datafield tag="260" ind1=" " ind2=" ">
    <subfield code="a">[s.l.]</subfield>
    <subfield code="b">: [s.n.]</subfield>
    <subfield code="c">, 1677-1713</subfield>
  </datafield>
  <datafield tag="300" ind1=" " ind2=" ">
    <subfield code="a">124 fol. (231 grabados) </subfield>
    <subfield code="b">: il.</subfield>
    <subfield code="c">; 55 cm</subfield>
  </datafield>
  <datafield tag="500" ind1="0" ind2="0">
    <subfield code="a">Tit. Tomado del lomo.</subfield>
  </datafield>
  <datafield tag="500" ind1="0" ind2="0">
    <subfield code="a">Forma parte de la colecci&#xF3;n de libros de grabados procedentes del Monasterio de Valpara&#xED;so (Peleas de Arriba, Zamora) reunidos por Juan Guerrero en Roma.</subfield>
  </datafield>
  <datafield tag="505" ind1=" " ind2=" ">
    <subfield code="a">Contiene: Regum Hispanorum imagines / Jacques Blondeau; Francorum Regnum simulacra / Pietro van Sickleers; Series Chronologica Ducum et Regum
Polonarum / Beno&#xEE;t Farjat.</subfield>
  </datafield>
  <datafield tag="563" ind1=" " ind2=" ">
    <subfield code="a">Enc. en pergamino a la romana, tejuelo de papel con t&#xED;tulo manuscrito, cortes pintados de azul y restos de corre&#xED;llas de piel de alumbre.</subfield>
  </datafield>
  <datafield tag="655" ind1=" " ind2="7">
    <subfield code="a">Grabados</subfield>
    <subfield code="x">retratos</subfield>
  </datafield>
  <datafield tag="700" ind1="1" ind2=" ">
    <subfield code="a">Blondeau, Jacques (</subfield>
    <subfield code="d">1655-1698)</subfield>
    <subfield code="9">43269</subfield>
    <subfield code="e">grabador</subfield>
  </datafield>
  <datafield tag="700" ind1="1" ind2=" ">
    <subfield code="a">Sickeleers, Pieter van</subfield>
    <subfield code="9">24599</subfield>
    <subfield code="e">grabador</subfield>
  </datafield>
  <datafield tag="700" ind1="1" ind2=" ">
    <subfield code="a">Farjat, Benoit</subfield>
    <subfield code="9">22646</subfield>
    <subfield code="e">grabador</subfield>
  </datafield>
  <datafield tag="700" ind1="1" ind2=" ">
    <subfield code="a">Dorigny, Nicolas (</subfield>
    <subfield code="d">1657-1746)</subfield>
    <subfield code="9">42809</subfield>
    <subfield code="e">grabador</subfield>
  </datafield>
  <datafield tag="774" ind1=" " ind2=" ">
    <subfield code="a">[Series chronologica et imagines regu hispaniae ab Ataulpho ad Carolum II...] / Jacobus Blondeau Antuerpiensis Incis ; Cirus Ferrius Romanus Delin.</subfield>
  </datafield>
  <datafield tag="774" ind1=" " ind2=" ">
    <subfield code="a">Ducum; Regumque Polonoru seriem a LACHO ad AUGUSTUM hodie feliciter regnante...</subfield>
  </datafield>
  <datafield tag="774" ind1=" " ind2=" ">
    <subfield code="a">[TABULA chronologica Ottomanoru Principu Serie,...]</subfield>
  </datafield>
  <datafield tag="774" ind1=" " ind2=" ">
    <subfield code="a">Francorum Regum Imagines</subfield>
  </datafield>
  <datafield tag="852" ind1=" " ind2=" ">
    <subfield code="a">M-RABA</subfield>
    <subfield code="j">C-44</subfield>
  </datafield>
  <datafield tag="942" ind1=" " ind2=" ">
    <subfield code="c">GRABADO</subfield>
    <subfield code="n">0</subfield>
  </datafield>
  <datafield tag="952" ind1=" " ind2=" ">
    <subfield code="0">0</subfield>
    <subfield code="1">0</subfield>
    <subfield code="2">ddc</subfield>
    <subfield code="4">0</subfield>
    <subfield code="7">0</subfield>
    <subfield code="8">GRABADOS</subfield>
    <subfield code="a">RABASF</subfield>
    <subfield code="b">RABASF</subfield>
    <subfield code="c">DP1</subfield>
    <subfield code="d">2026-02-25</subfield>
    <subfield code="l">1</subfield>
    <subfield code="o">C-44</subfield>
    <subfield code="p">1096863</subfield>
    <subfield code="q">2026-05-26</subfield>
    <subfield code="r">2026-02-25 10:54:20</subfield>
    <subfield code="s">2026-02-25</subfield>
    <subfield code="w">2026-02-25</subfield>
    <subfield code="y">GRABADO</subfield>
  </datafield>
  <datafield tag="999" ind1=" " ind2=" ">
    <subfield code="c">85786</subfield>
    <subfield code="d">85786</subfield>
  </datafield>
</record>
